| 000 | 00381nam a2200133Ia 4500 | ||
|---|---|---|---|
| 008 | 210210b1979 xxu||||| |||| 00| 0 eng d | ||
| 082 | _a519.5 PILS | ||
| 100 | _aPILLAI (M Sivathanu) & RAJAGOPALAN (K R). | ||
| 245 | _aStatistics for economics students. | ||
| 260 |
_aMadras _bProgressive Corporation _c1979 |
||
| 300 | _aT 16 | ||
| 690 | _aMathematical Statistics | ||
| 906 | _a034384 | ||
| 999 |
_c84987 _d84987 |
||